LEADER 01002nam a2200205 i 4500 001 000000131895 003 CaOOAMICUS 005 20041126000000.0 008 041126s1957 it u000 u ita u 013 $a104814 040 $aSeMil$bita 110 0 $aBiblioteca comunale di Milano.$0(OLS)http://semarc/name/5923 245 10$aCatalogo :$bdei periodici esistenti nelle biblioteche milanesi associate al Catalogo Centrale /$cBiblioteca comunale di Milano, sezione catalogo centrale. 260 $a[Milano] :$bComune di Milano,$ccopyr. 1957. 300 $aVIII, 483 p. ;$c25 cm. 650 4$aPeriodici - Milano - Biblioteche - Cataloghi.$0(OLS)http://semarc/subject/25966 850 $aSeMil 852 $aSeMil$W1$xVenegono$y1$m3Y III 24$j259159$B85829$CSeMilBibl$Z2$F89580 $81 996 $6245$aCatalogo :$bdei periodici esistenti nelle biblioteche milanesi associate al Catalogo Centrale$9(OLS)http://semarc/title/193837 996 $6260$a[Milano] :$bComune di Milano$9(OLS)http://semarc/publisher/33024 LEADER 01061nam a2200217 i 4500 001 000000207334 003 CaOOAMICUS 005 20160302000000.0 008 160302s1995 it u000 u ita u 013 $a186111 040 $aSeMil$bita 245 13$a[L'amico della famiglia]. 260 $a[S.l. :$bs.n.],$c1995. 300 $aP. 121-144 :$bill. ;$c30 cm. 500 $aIn copertina : dopo 50 anni di fedele sacerdozio e 31 di appassionato servizio alla Chiesa di Seregno, all'improvviso, lunedì 10 luglio 1995, Monsignor Luigi Gandini è stato chiamato alla casa del Padre lasciandoci un ricordo indimenticabile e l'eredità di un insegnamento sempre pieno di fede, speranza e carità. 600 14$aGandini, Luigi .$0(OLS)http://semarc/subject/9404 850 $aSeMil 852 $aSeMil$W1$xVenegono$y1$m5D XI 16/14$j157797$B157797$CSeMilBibl$Z2$F210703 $81 961 $aOmaggio: Altro 996 $6245$a[L'amico della famiglia]$9(OLS)http://semarc/title/299887 996 $6260$a[S.l. :$bs.n.]$9(OLS)http://semarc/publisher/29751